000 01018cam a2200313 i 4500
001 374470
003 ARRUPE
005 20160817114126.0
008 780407s1978 nyua b 000 0 eng
010 _a 78007248
020 _a0394502728
040 _aDLC
_cDLC
_dDLC
041 1 _aengfre
043 _af------
050 0 0 _aGV1705
_b.H8313 1978
082 0 0 _a793.3/196
100 1 _aHuet, Michel,
_d1917-
_925202
240 1 0 _aDanses d'Afrique.
_lEnglish
245 1 4 _aThe dance, art, and ritual of Africa /
_cMichel Huet ; introd. by Jean Laude ; text by Jean-Louis Paudrat ; translated from the French.
250 _a1st American ed.
260 _aNew York :
_bPantheon Books,
_cc1978.
300 _a241 p. :
_bchiefly ill. ;
_c32 cm.
500 _aTranslation of Danses d'Afrique.
504 _aIncludes bibliographical references.
650 0 _aDancing
_zAfrica.
_925203
700 1 _aPaudrat, Jean Louis.
_925204
906 _a7
_bcbc
_corignew
_d1
_eocip
_f19
_gy-gencatlg
942 _2lcc
_cMONOGRAPH
999 _c125051
_d125051